Biblioteca "Ernesto Sabato"
Facultad de Derecho y Ciencias Sociales
Facultad de Lenguas
Universidad Nacional del Comahue

Homage (Record no. 13531)

MARC details
000 -CABECERA
campo de control de longitud fija 00409caa a22001572a 4500
001 - NÚMERO DE CONTROL
campo de control 007717
003 - IDENTIFICADOR DEL NÚMERO DE CONTROL
campo de control AR-FADEU
008 - DATOS DE LONGITUD FIJA--INFORMACIÓN GENERAL
campo de control de longitud fija 311216n########xxu####################dd
092 ## - ASIGNACIÓN LOCAL DE SIGNATURA TOPOGRÁFICA DEWEY (OCLC)
Número de clasificación 820.914
Número de documento/Ítem N532
100 ## - ENTRADA PRINCIPAL--NOMBRE DE PERSONA
Nombre de persona Gordimer, Nadine
245 ## - MENCIÓN DE TÍTULO
Título Homage
300 ## - DESCRIPCIÓN FÍSICA
Extensión PP. 404-409
500 ## - NOTA GENERAL
Nota general En: New writing 4 /ed. A. S. Byatt. London : Vitage / The British Council, 1995
546 ## - NOTA DE LENGUA/LENGUAJE
Nota de lengua/lenguaje Inglés
942 ## - ELEMENTOS DE PUNTO DE ACCESO ADICIONAL (KOHA)
Tipo de ítem Koha BDGR

No items available.

Facultad de Derecho y Ciencias Sociales | Universidad Nacional del Comahue | Mendoza y Perú General Roca | Río Negro CP (8332) | Patagonia Argentina | Teléfono: 54-0298-4433670 | | Fax: 0298-4432093 | Fax alumnos: 0298-4435700